Conversaciones con Lukács / (Record no. 95036)

MARC details
000 -LEADER
campo de control de longitud fija 00840nam a2200253 i 4500
001 - NÚMERO DE CONTROL
campo de control 95036
003 - IDENTIFICADOR DE NÚMERO DE CONTROL
campo de control ES-MaACL
005 - FECHA Y HORA DE LA ÚLTIMA TRANSACCIÓN
campo de control 20250804004819.0
007 - CAMPO FIJO DE DESCRIPCIÓN FÍSICA--INFORMACIÓN GENERAL
campo de control de longitud fija t|
008 - DATOS DE LONGITUD FIJA--INFORMACIÓN GENERAL
campo de control de longitud fija 050520s1969 sp ||||1| spa d
100 0# - ENTRADA PRINCIPAL--NOMBRE DE PERSONA
Nombre de persona Holz, Hans Heinz.
9 (RLIN) 64092
245 10 - MENCIÓN DEL TÍTULO
Título Conversaciones con Lukács /
Mención de responsabilidad, etc. Hans Heinz Holtz, Leo Kofler, Wolfgang Abendroth; [traducción Jorge Deike y Javier Abásolo].
260 ## - PUBLICACIÓN, DISTRIBUCIÓN, ETC.
Lugar de publicación, distribución, etc. Madrid :
Nombre del editor, distribuidor, etc. Alianza,
Fecha de publicación, distribución, etc. 1969.
300 ## - DESCRIPCIÓN FÍSICA
Extensión 211 p. ;
Dimensiones 18 cm.
490 1# - MENCIÓN DE SERIE
Mención de serie Libro de bolsillo ;
Designación de volumen o secuencia 190
600 14 - PUNTO DE ACCESO ADICIONAL DE MATERIA--NOMBRE DE PERSONA
Nombre de persona Lukács, György,
Fechas asociadas al nombre 1885-1971
9 (RLIN) 74718
700 1# - ENTRADA AGREGADA--NOMBRE PERSONAL
Nombre de persona Kofler, Leo.
9 (RLIN) 68465
700 1# - ENTRADA AGREGADA--NOMBRE PERSONAL
Nombre de persona Abendroth, Wolfgang,
9 (RLIN) 18084
700 1# - ENTRADA AGREGADA--NOMBRE PERSONAL
Nombre de persona Deike, Jorge.
9 (RLIN) 43256
700 1# - ENTRADA AGREGADA--NOMBRE PERSONAL
Nombre de persona Abásolo, Javier,
9 (RLIN) 17981
830 03 - PUNTO DE ACCESO ADICIONAL DE SERIE-TÍTULO UNIFORME
Título uniforme El libro de bolsillo
Designación de volumen o secuencia 190
9 (RLIN) 177802
852 ## - LOCALIZACIÓN
Ubicación ES-MaACL
Número de control de estantería C-36508
Sublocalización o colección R.70664
Holdings
Estatus retirado Estado de pérdida Estado de daño No para préstamo Biblioteca de origen Biblioteca actual Ubicación en estantería Fecha de adquisición Fuente de adquisición Total de préstamos Signatura topográfica completa Código de barras Visto por última vez Precio de reemplazo Tipo de ítem Koha
        Biblioteca del Ateneo de Madrid Biblioteca del Ateneo de Madrid Depósito 2 17/01/2008     C-36508 1099244 23/02/2023 23/02/2023 Libro impreso